=LDR 00000nam 2200000 4500 =001 INLIS000000000022747 =005 20130612121456 =008 ***********************************Ind** =035 ##$$0010-061300000022747 =041 ##$$a Ind =082 ##$$a 372 =090 ##$$a 372, Gup p =100 ##$$a Gupta, suraj =245 ##$$a Panduan perawatan anak, Suraj gupta =260 ##$$a 2004 $b Jakarta =300 ##$$a xi, 303 hlm, ilus, 21 cm =650 ##$$a Pendidikan dasar =850 ##$$a NBPNMAT